Bước ngoặt hiểm nghèo : Tập truyện về công tác giáo dục thanh thiếu niên chậm tiến /

Đã lưu trong:
书目详细资料
主要作者: Vi-xtu-nốp E. I.
其他作者: Ngô Lê (dịch.)
格式: Sách giấy
语言:Vietnamese
出版: H. : Thanh niên, 1983.
标签: 添加标签
没有标签, 成为第一个标记此记录!
Thư viện lưu trữ: Thư viện Trường Đại học Đà Lạt
LEADER 00752nam a2200289 4500
001 DLU140160272
005 ##20140226
040 # # |a DLU  |b vie 
041 # # |a vie 
044 # # |a vn 
082 # # |a 891.73  |b VI-E 
100 # # |a Vi-xtu-nốp E. I. 
245 # # |a Bước ngoặt hiểm nghèo :  |b Tập truyện về công tác giáo dục thanh thiếu niên chậm tiến /   |c Vi-xtu-nốp E. I.; Ngô Lê dịch  
260 # # |a H. :  |b Thanh niên,  |c 1983. 
300 # # |a 251 tr. ;  |c 19 cm. 
700 # # |a Ngô Lê,  |e dịch. 
923 # # |a TL 
991 # # |a SH 
992 # # |a 6 
994 # # |a DLU 
900 # # |a True 
911 # # |a Nguyễn Thị Tưởng 
925 # # |a G 
926 # # |a A 
927 # # |a SH 
980 # # |a Thư viện Trường Đại học Đà Lạt